| 000 | 01522nam a2200361 a 4500 | ||
|---|---|---|---|
| 001 | 0000376 | ||
| 003 | DO-SdBNP | ||
| 005 | 20180309130327.0 | ||
| 007 | 0000376 | ||
| 008 | 150817s2012 ac 000 spa d | ||
| 020 | _a9789945116274 | ||
| 040 |
_aBPMSU _bspa _cBPMSU |
||
| 082 |
_a372.61 _bI37e, 6to. 2012 |
||
| 100 | _aIncháustegui, María Isabel | ||
| 245 | 1 | 0 |
_aEspañol 6 / _beducación básica _cMaría Isabel Incháustegui ; ilustración Ruddy Núñez ; dirección editorial Obdulia García de Escobar |
| 260 |
_aSanto Domingo : _bSantillana, _c2012. |
||
| 300 |
_av. : _bil. retrs. _c30 cm. |
||
| 490 | 1 | _aInnova | |
| 500 | _aIncluye libro de texto y guía, recursos didácticos para el profesorado. | ||
| 505 | 1 |
_tEl deporte nos hace gigantes -- _t¿Cambio climático en nuestro país? -- _tCuéntame qué te pasó -- _tMaestro de la inventiva -- _tSeguridad en la red -- _tNuestro país: un país expuesto a sismos -- _tSol del trópico -- _tLo que dicen los medios -- _tPorque somos niñas -- _tHagamos teatro -- |
|
| 650 |
_aGRAMÁTICA _xENSEÑANZA BÁSICA |
||
| 650 |
_aGRAMÁTICA _xEDUCACIÓN PRIMARIA |
||
| 650 |
_aEDUCACIÓN PRIMARIA _zREPÚBLICA DOMINICANA |
||
| 650 |
_aGRAMÁTICA _xLIBROS DE TEXTO |
||
| 650 |
_aGRAMÁTICA _xESTUDIOS Y EJERCICIOS |
||
| 700 | 1 |
_aNúñez, Ruddy _eil. |
|
| 700 | 1 |
_aGarcía de Escobar, Obdulia _edir. ed. |
|
| 830 | 0 | _pInnova | |
| 910 | _a00144 | ||
| 942 |
_2ddc _cBK |
||
| 945 | _aRemanejado para la BNPHU / 2018 BT | ||
| 956 |
_aYngrid Lockward _b10 |
||
| 999 |
_c10018 _d10018 |
||